书目信息 |
| 题名: |
国外家具图集
|
|
| 作者: | 陈增弼 , 黄建才 , 劳智权 , 吕克胜 编 | |
| 分册: | ||
| 出版信息: | 北京 中国建筑工业出版社 1981 |
|
| 页数: | 182页 | |
| 开本: | 20cm | |
| 丛书名: | ||
| 单 册: | ||
| 中图分类: | TS654 | |
| 科图分类: | ||
| 主题词: | 木材加工 | |
| 电子资源: | ||
| ISBN: | ||
| 000 | 00669nam0 2200241 45 | |
| 001 | 0181011377 | |
| 005 | 20060417165228.87 | |
| 010 | @dCNY1.20 | |
| 091 | @a15040.4043 | |
| 100 | @a20810111d1981 km y0chiy0120 ea | |
| 101 | 0 | @achi |
| 105 | @a a z 000yy | |
| 200 | 1 | @a国外家具图集@Aguo wai jia ju ji@f陈增弼等编@Fchen zeng bi deng bian |
| 210 | @a北京@c中国建筑工业出版社@d1981 | |
| 215 | @a182页@c图@d20cm | |
| 606 | 0 | @a木材加工 |
| 690 | @aTS654 | |
| 701 | 0 | @a陈增弼@Achen zeng bi@4编 |
| 701 | 0 | @a黄建才@Ahuang jian cai@4编 |
| 701 | 0 | @a劳智权@Alao zhi quan@4编 |
| 701 | 0 | @a吕克胜@Alu ke sheng@4编 |
| 801 | @aCN@bTSTC@c20060417 | |
| 905 | @dTS654@e18 | |
| 国外家具图集/陈增弼等编.-北京:中国建筑工业出版社,1981 |
| 182页:图;20cm |
| ISBN :CNY1.20 |
| ● |
| 相关链接 |
|
|
|
|
正题名:国外家具图集
索取号:TS654/18
 
预约/预借
| 序号 | 登录号 | 条形码 | 馆藏地/架位号 | 状态 | 备注 |
| 1 | 0094220 | 202252285 | 密集书库/ [索取号:TS654/18] | 在馆 | |
| 2 | 0094221 | 202257468 | 密集书库/ [索取号:TS654/18] | 在馆 | |
| 3 | 0099625 | 202220471 | 密集书库/ [索取号:TS654/18] | 在馆 |